| 000 | 00536nam a2200181 a 4500 | ||
|---|---|---|---|
| 001 | 3293 | ||
| 005 | 20140414131908.0 | ||
| 008 | 060215s19uu xx 00 eng d | ||
| 020 | _a0-602-25325-X | ||
| 050 |
_aER _bB11 1993 |
||
| 100 | _aMitchelhill, Barbara | ||
| 245 |
_aBabysitter (The) / _cstory by Barbara Mitchelhill ; pictures by Susan Field. |
||
| 260 |
_aLondon : _bReed Educational and Professional, _c1993. |
||
| 300 | _a16 p. : ill. ; cm. | ||
| 440 | _aLittle Books | ||
| 650 |
_aBabysitter _xFiction. |
||
| 999 |
_c111050 _d111050 |
||